000 00266nam a2200097Ia 4500
082 _a355.13420968 VAN
245 0 _aHonoris Crux : ons dapperes 02
100 _a VAN WYK, At Cape Town, 1985
_950480
942 _cBK
008 210817s9999 xx 000 0 und d
999 _c162413
_d162413